LIBRARY & INFORMATION CENTRE, KCAET, TAVANUR

ONLINE PUBLIC ACCESS CATALOGUE (OPAC)

Ultrasound assisted supercritical CO2 extraction of carotenoids from gac fruit / (Record no. 19313)

MARC details
000 -LEADER
fixed length control field 00417nam a2200145 4500
003 - CONTROL NUMBER IDENTIFIER
control field OSt
082 ## - DEWEY DECIMAL CLASSIFICATION NUMBER
Classification number 664
Item number ASH/UL
088 ## - REPORT NUMBER
Report number T635
100 ## - MAIN ENTRY--AUTHOR NAME
Personal name Ashitha Thomas
245 ## - TITLE STATEMENT
Title Ultrasound assisted supercritical CO2 extraction of carotenoids from gac fruit /
260 ## - PUBLICATION, DISTRIBUTION, ETC. (IMPRINT)
Place of publication Tavanur :
Name of publisher Department of Processing & Food Engineering,
Year of publication 2025.
300 ## - PHYSICAL DESCRIPTION
Number of Pages 140p.
700 ## - ADDED ENTRY--PERSONAL NAME
Personal name Sudheer K. P (Guide)
942 ## - ADDED ENTRY ELEMENTS (KOHA)
Koha item type Theses
Holdings
Collection code Home library Current library Full call number Accession Number Koha item type Public note
Reference KAUAET KAUAET 664 ASH/UL T 635 Theses M.Tech Thesis
free website counter